Game of Thrones: Direwolves Quiz Stats

Quiz Updated May 27, 2012

Challenge
Share
Tweet
Embed
Score 0/6 Timer 02:00
0 Plays Today
Owner Direwolf % Correct
Jon SnowGhost
96.7%
Sansa StarkLady
95.4%
Rickon StarkShaggydog
85.6%
Bran StarkSummer
85.3%
Arya StarkNymeria
81.7%
Robb StarkGrey Wind
75.4%

You're not logged in!

Compare scores with friends on all Sporcle quizzes.
Join for Free
OR
Log In

You Might Also Like...

Show Comments

Extras

Top Quizzes Today


Score Distribution

Your Account Isn't Verified!

In order to create a playlist on Sporcle, you need to verify the email address you used during registration. Go to your Sporcle Settings to finish the process.

Report this User

Report this user for behavior that violates our Community Guidelines.

Details: